An introduction to marine ecology

Сохранить в:
Библиографические подробности
Главный автор: R. S. K. Barnes
Формат:
Язык:Undetermined
Опубликовано: Oxford, UK Blackwell 1982
Предметы:
Метки: Добавить метку
Нет меток, Требуется 1-ая метка записи!
Thư viện lưu trữ: Trung tâm Học liệu Trường Đại học Cần Thơ
LEADER 00562nam a2200205Ia 4500
001 CTU_66563
008 210402s9999 xx 000 0 und d
082 |a 577.7 
082 |b B261 
100 |a R. S. K. Barnes 
245 3 |a An introduction to marine ecology 
245 0 |c R. S. K. Barnes and R. N. Hughes 
260 |a Oxford, UK 
260 |b Blackwell 
260 |c 1982 
526 |a Các hệ sinh thái thủy vực 
526 |b TS605 
650 |a marine ecology 
904 |i Minh 
980 |a Trung tâm Học liệu Trường Đại học Cần Thơ